|
|
|
|
| LEADER |
03725nam a2200565 4500 |
| 001 |
978-3-319-90635-5 |
| 003 |
DE-He213 |
| 005 |
20190704031149.0 |
| 007 |
cr nn 008mamaa |
| 008 |
180626s2019 gw | s |||| 0|eng d |
| 020 |
|
|
|a 9783319906355
|9 978-3-319-90635-5
|
| 024 |
7 |
|
|a 10.1007/978-3-319-90635-5
|2 doi
|
| 040 |
|
|
|d GrThAP
|
| 050 |
|
4 |
|a JA77
|
| 072 |
|
7 |
|a KCP
|2 bicssc
|
| 072 |
|
7 |
|a POL023000
|2 bisacsh
|
| 072 |
|
7 |
|a KCP
|2 thema
|
| 082 |
0 |
4 |
|a 338.9
|2 23
|
| 100 |
1 |
|
|a Kassab, Hanna Samir.
|e author.
|4 aut
|4 http://id.loc.gov/vocabulary/relators/aut
|
| 245 |
1 |
0 |
|a Illicit Markets, Organized Crime, and Global Security
|h [electronic resource] /
|c by Hanna Samir Kassab, Jonathan D. Rosen.
|
| 250 |
|
|
|a 1st ed. 2019.
|
| 264 |
|
1 |
|a Cham :
|b Springer International Publishing :
|b Imprint: Palgrave Macmillan,
|c 2019.
|
| 300 |
|
|
|a XI, 198 p. 17 illus., 15 illus. in color.
|b online resource.
|
| 336 |
|
|
|a text
|b txt
|2 rdacontent
|
| 337 |
|
|
|a computer
|b c
|2 rdamedia
|
| 338 |
|
|
|a online resource
|b cr
|2 rdacarrier
|
| 347 |
|
|
|a text file
|b PDF
|2 rda
|
| 505 |
0 |
|
|a 1. Introduction -- 2. Illicit Markets: A Short Historical Summary -- 3. Illicit Superstructures: Banking, Middlemen, and Transport -- 4. Organized Crime and Drug Trafficking in the Americas: Trends and Challenges -- 5. General Trends in Drug Trafficking and Organized Crime on a Global Scale -- 6. Human and Organ Trafficking -- 7. Arms Trafficking: Small Arms and WMDs -- 8. Illicit Markets and the Internet Age -- 9. Conclusion.
|
| 520 |
|
|
|a This book explains the existence of illicit markets throughout human history and provides recommendations to governments. Organized criminal networks increased in strength after the enforcement of prohibition, eventually challenging the authority of the state and its institutions through corruption and violence. Criminal networks now organize under cyber-infrastructure, what we call the Deep or Dark Web. The authors analyze how illicit markets come together, issues of destabilization and international security, the effect of legitimate enterprises crowded out of developing countries, and ultimately, illicit markets' cost to human life. Hanna Samir Kassab is Visiting Assistant Professor at Northern Michigan University, USA. Jonathan D. Rosen is Assistant Professor of Criminal Justice at Holy Family University, USA.
|
| 650 |
|
0 |
|a Political economy.
|
| 650 |
|
0 |
|a Legislative bodies.
|
| 650 |
|
0 |
|a Security, International.
|
| 650 |
|
0 |
|a Crime prevention.
|
| 650 |
|
0 |
|a Organized crime.
|
| 650 |
|
0 |
|a Development economics.
|
| 650 |
1 |
4 |
|a International Political Economy.
|0 http://scigraph.springernature.com/things/product-market-codes/912140
|
| 650 |
2 |
4 |
|a Legislative and Executive Politics.
|0 http://scigraph.springernature.com/things/product-market-codes/911240
|
| 650 |
2 |
4 |
|a International Security Studies.
|0 http://scigraph.springernature.com/things/product-market-codes/912120
|
| 650 |
2 |
4 |
|a Crime Prevention.
|0 http://scigraph.springernature.com/things/product-market-codes/1BE010
|
| 650 |
2 |
4 |
|a Organized Crime.
|0 http://scigraph.springernature.com/things/product-market-codes/1B8000
|
| 650 |
2 |
4 |
|a Development Economics.
|0 http://scigraph.springernature.com/things/product-market-codes/W42000
|
| 700 |
1 |
|
|a Rosen, Jonathan D.
|e author.
|4 aut
|4 http://id.loc.gov/vocabulary/relators/aut
|
| 710 |
2 |
|
|a SpringerLink (Online service)
|
| 773 |
0 |
|
|t Springer eBooks
|
| 776 |
0 |
8 |
|i Printed edition:
|z 9783319906348
|
| 776 |
0 |
8 |
|i Printed edition:
|z 9783319906362
|
| 776 |
0 |
8 |
|i Printed edition:
|z 9783030080600
|
| 856 |
4 |
0 |
|u https://doi.org/10.1007/978-3-319-90635-5
|z Full Text via HEAL-Link
|
| 912 |
|
|
|a ZDB-2-POS
|
| 950 |
|
|
|a Political Science and International Studies (Springer-41174)
|